000 00670nam a2200277Ia 4500
005 20260324134924.0
008 008 260324s9999 xx 000 0 eng d
020 _a9781315038551
037 _aEBOOK
040 _aCRL
040 _beng
040 _cCRL
041 _2eng
041 _aeng
084 _qCRL
100 _aAdekeye Adebajo; Chandra Lekha Sriram
_91198657
245 0 _aManaging Armed Conflicts in the 21st Century
260 _bTaylor and Francis
260 _c2001
365 _a
365 _b290
856 _uhttp://www.taylorfrancis.com/books/9781315038551
942 _cEBOOK
999 _c1799222
_d1799222